[Event "grenke Chess Open 2025"]
[Site "Karlsruhe GER"]
[Date "2025.04.19"]
[Round "5.51"]
[White "Stricker, Florian"]
[Black "Schneider, Ilja"]
[Result "0-1"]
[BlackTitle "IM"]
[WhiteElo "2250"]
[BlackElo "2408"]
[WhiteFideId "12976385"]
[BlackFideId "4663306"]
[EventDate "2025.04.17"]

1. e4 c5 2. Nc3 Nc6 3. Bb5 Nd4 4. Nf3 a6 5. Bd3 g6 6. O-O Bg7 7. Rb1 d6 8. b4
cxb4 9. Rxb4 Nc6 10. Rb1 Nf6 11. Bb2 O-O 12. Re1 Qa5 13. Bf1 b5 14. a3 Bg4 15.
h3 Bxf3 16. Qxf3 Rac8 17. Nd5 Nxd5 18. exd5 Ne5 19. Bxe5 Bxe5 20. c3 Bf6 21. Qe4
Rc5 22. Ra1 Qa4 23. Qxa4 bxa4 24. Bxa6 Rxd5 25. d4 Ra5 26. Bb7 Ra7 27. Rab1 Rb8
28. Bc6 Rb3 29. Rxb3 axb3 30. a4 Rc7 31. Bd5 b2 32. Rb1 e6 33. Bf3 Rxc3 34. Rxb2
Bxd4 35. Ra2 Rc1+ 36. Kh2 Rf1 37. Be2 Be5+ 38. f4 Bxf4+ 39. g3 Rf2+ 40. Kg1 Be3 0-1

[Event "grenke Chess Open 2025"]
[Site "Karlsruhe GER"]
[Date "2025.04.19"]
[Round "5.52"]
[White "Kowalski, Igor"]
[Black "Wong, Gengchun"]
[Result "1-0"]
[WhiteTitle "IM"]
[BlackTitle "FM"]
[WhiteElo "2407"]
[BlackElo "2247"]
[WhiteFideId "1172468"]
[BlackFideId "12963283"]
[EventDate "2025.04.17"]

1. d4 d5 2. c4 c6 3. Nf3 Nf6 4. g3 Bg4 5. Ne5 Bf5 6. Nc3 e6 7. f3 Nfd7 8. cxd5
Nxe5 9. e4 exd5 10. exf5 Nc4 11. Bxc4 dxc4 12. Qe2+ Be7 13. f6 gxf6 14. Qxc4 Na6
15. O-O Qd7 16. Bf4 O-O-O 17. Rfd1 Bd6 18. Bxd6 Qxd6 19. Qxf7 Rd7 20. Qc4 f5 21.
d5 c5 22. Nb5 Qb6 23. a4 Kb8 24. Qf4+ Ka8 25. Qxf5 c4+ 26. Kg2 Rdd8 27. Qf4 h5
28. Qxc4 h4 29. Qd4 Nc5 30. b4 hxg3 31. hxg3 Rdg8 32. bxc5 Qh6 33. Rh1 Qg6 34.
Rxh8 Qxg3+ 35. Kf1 Qxf3+ 36. Ke1 Qg3+ 37. Kd1 Qf3+ 38. Kc2 Qg4 1-0

[Event "grenke Chess Open 2025"]
[Site "Karlsruhe GER"]
[Date "2025.04.19"]
[Round "5.53"]
[White "Boehme, Markus"]
[Black "Kavutskiy, Kostya"]
[Result "0-1"]
[BlackTitle "IM"]
[WhiteElo "2186"]
[BlackElo "2351"]
[WhiteFideId "12946850"]
[BlackFideId "2026384"]
[EventDate "2025.04.17"]

1. Nf3 Nf6 2. g3 g6 3. Bg2 Bg7 4. O-O O-O 5. d4 d6 6. Re1 Nbd7 7. e4 e5 8. Nc3
c6 9. a4 b6 10. h3 Qc7 11. Be3 a6 12. d5 cxd5 13. exd5 Bb7 14. Qd2 Rac8 15. Nh2
Qb8 16. Ng4 Ne8 17. f4 f5 18. Nh2 Nef6 19. Nf3 Rxc3 20. Qxc3 Rc8 21. Qb4 Bxd5
22. Rad1 Qb7 23. Rxd5 Nxd5 24. Qxd6 Rxc2 25. Qe6+ Kh8 26. Qe8+ Nf8 27. Nd2 e4
28. Nxe4 Rc8 29. Nd6 Rxe8 30. Nxb7 Nxe3 31. Bc6 Rc8 32. Rc1 Bxb2 33. Nd6 Bxc1
34. Nxc8 Nc4 35. Bb7 Nb2 36. Bc6 Be3+ 37. Kg2 Bc5 0-1

[Event "grenke Chess Open 2025"]
[Site "Karlsruhe GER"]
[Date "2025.04.19"]
[Round "5.54"]
[White "Hauchamps, Maxime"]
[Black "Karsay, Pascal"]
[Result "0-1"]
[WhiteTitle "FM"]
[BlackTitle "FM"]
[WhiteElo "2246"]
[BlackElo "2401"]
[WhiteFideId "264865"]
[BlackFideId "12953474"]
[EventDate "2025.04.17"]

1. e4 e5 2. Nf3 Nc6 3. Bb5 a6 4. Ba4 Nf6 5. O-O b5 6. Bb3 Bc5 7. a4 Bb7 8. c3 d6
9. d4 Bb6 10. Re1 Ne7 11. Nbd2 Ng6 12. Bc2 O-O 13. Nf1 Re8 14. Ng3 h6 15. Bd3 d5
16. axb5 dxe4 17. Nxe4 Nxe4 18. Bxe4 Bxe4 19. Rxe4 axb5 20. Rxa8 Qxa8 21. Qe2
Qd5 22. Re3 Nf4 23. Qf1 e4 24. Nd2 f5 25. f3 c5 26. Qxb5 Re6 27. fxe4 cxd4 28.
exd5 dxe3 29. Nf3 e2+ 30. Qxb6 Rxb6 31. Bxf4 Rxb2 32. Ne1 g5 33. Be5 Kf7 34. Kf2
Rb5 35. Kxe2 Rxd5 36. Bd4 Ke6 37. Kd3 Rb5 38. c4 Rb1 39. Bc3 f4 40. Nf3 Rd1+ 41.
Ke2 Rc1 42. Kd2 Rf1 43. Ke2 Rc1 44. Kd3 Rd1+ 45. Ke4 Rc1 46. Kd4 Rf1 47. c5 g4
48. Ne1 f3 49. Ke3 f2 50. Nd3 Rc1 51. Kxf2 Rxc3 52. Ke3 Kf5 53. Kd4 Rc2 54. Nb4
Rxg2 55. c6 Ke6 56. Kc5 Rxh2 57. Kb6 Rb2 58. c7 Rxb4+ 59. Kc5 Kd7 0-1

[Event "grenke Chess Open 2025"]
[Site "Karlsruhe GER"]
[Date "2025.04.19"]
[Round "5.55"]
[White "Faerber, David"]
[Black "Neukirchner, Pascal"]
[Result "1-0"]
[BlackTitle "FM"]
[WhiteElo "2398"]
[BlackElo "2245"]
[WhiteFideId "12971294"]
[BlackFideId "12997927"]
[EventDate "2025.04.17"]

1. e4 c5 2. c3 d5 3. exd5 Qxd5 4. d4 g6 5. Nf3 Bg7 6. Nbd2 cxd4 7. Bc4 Qc5 8.
Qb3 Nh6 9. Ne4 Qb6 10. Nxd4 O-O 11. O-O Nf5 12. Nxf5 Bxf5 13. Ng3 Bd7 14. Re1
Qxb3 15. axb3 b5 16. Bf1 b4 17. cxb4 Nc6 18. b5 Nd4 19. Rxe7 Nxb3 20. Ra3 Nxc1
21. Rxd7 Rfe8 22. Raxa7 Rxa7 23. Rxa7 Bd4 24. Rd7 Bb6 25. Rd6 Ba5 26. b6 Nb3 27.
Rd5 Bxb6 28. Rd1 Rc8 29. Rd3 Nc5 30. Rd6 Ba5 31. h3 Nb3 32. Rd5 Rc2 33. Rb5 Rxb2
34. Bc4 Rb1+ 35. Kh2 Nd2 36. Bxf7+ Kxf7 37. Rxa5 Nf1+ 38. Nxf1 Rxf1 39. Ra7+ Kf6
40. Kg3 h5 41. Ra6+ Kf5 42. h4 Rb1 43. Ra3 Rb4 44. Rf3+ Ke5 45. Rf8 Rg4+ 46. Kh3
Ra4 47. f3 Ke6 48. Kg3 Ke5 49. Kh3 Ke6 50. g3 Rb4 51. Rf4 Rb8 52. g4 Ke5 53. Kg3
Rb6 54. g5 Ra6 55. Rf8 Rb6 56. f4+ Ke4 57. Re8+ Kd5 58. Kf3 Rb3+ 59. Re3 Rb6 60.
f5 gxf5 61. Kf4 Rb4+ 62. Kxf5 Rxh4 63. g6 Rh1 64. g7 Rf1+ 65. Kg6 Kd4 66. Rg3 h4
67. Rg4+ 1-0

[Event "grenke Chess Open 2025"]
[Site "Karlsruhe GER"]
[Date "2025.04.19"]
[Round "5.56"]
[White "Fuhrmann, Bahne"]
[Black "Fedorovsky, Michael"]
[Result "1/2-1/2"]
[WhiteTitle "FM"]
[BlackTitle "IM"]
[WhiteElo "2244"]
[BlackElo "2397"]
[WhiteFideId "16244842"]
[BlackFideId "14105454"]
[EventDate "2025.04.17"]

1. d4 Nf6 2. c4 e6 3. g3 c5 4. Nf3 cxd4 5. Nxd4 d5 6. Bg2 e5 7. Nf3 d4 8. O-O
Nc6 9. e3 Be7 10. exd4 exd4 11. Bf4 Be6 12. Ne5 Rc8 13. Nd2 O-O 14. Rc1 Nxe5 15.
Bxe5 Ng4 16. Re1 Nxe5 17. Rxe5 Bf6 18. Re1 d3 19. Bxb7 Rb8 20. Be4 Rxb2 21. Re3
Rxa2 22. Rxd3 Qa5 23. Nb3 Qb4 24. Qf3 Bg5 25. Rcc3 Bf6 26. Rc1 Bg5 27. Rcc3 Bf6 1/2-1/2

[Event "grenke Chess Open 2025"]
[Site "Karlsruhe GER"]
[Date "2025.04.19"]
[Round "5.57"]
[White "Degraeve, Remy"]
[Black "Vuelban, Virgilio"]
[Result "1-0"]
[WhiteTitle "IM"]
[BlackTitle "IM"]
[WhiteElo "2393"]
[BlackElo "2244"]
[WhiteFideId "26024560"]
[BlackFideId "5201896"]
[EventDate "2025.04.17"]

1. e4 d6 2. d4 g6 3. Nf3 Bg7 4. Be2 Nf6 5. Nc3 O-O 6. O-O Nc6 7. d5 Nb8 8. Be3
e6 9. dxe6 Bxe6 10. Qd2 Nc6 11. Rad1 Ng4 12. Bg5 Qd7 13. Nd5 f5 14. exf5 Bxf5
15. h3 Nge5 16. Nh4 Be6 17. f4 Nf7 18. Nf6+ Bxf6 19. Bxf6 Nh6 20. Bc3 d5 21. Bb5
Qd6 22. Bxc6 Qxc6 23. Kh1 Qb6 24. f5 Nxf5 25. Nxf5 Rxf5 26. Rxf5 1-0

[Event "grenke Chess Open 2025"]
[Site "Karlsruhe GER"]
[Date "2025.04.19"]
[Round "5.58"]
[White "Litzka, Richard"]
[Black "Merario Alarcon, Andres"]
[Result "1/2-1/2"]
[BlackTitle "IM"]
[WhiteElo "2238"]
[BlackElo "2378"]
[WhiteFideId "12971731"]
[BlackFideId "24522767"]
[EventDate "2025.04.17"]

1. d4 Nf6 2. Nf3 d5 3. e3 c5 4. c3 cxd4 5. exd4 Nc6 6. Bf4 g6 7. Be2 Bg7 8. O-O
O-O 9. Nbd2 Nh5 10. Be3 Qc7 11. Re1 Bg4 12. h3 Bd7 13. Nb3 Rad8 14. Nc5 Bc8 15.
Nd3 Na5 16. Qc1 Bf5 17. Bh6 Bxd3 18. Bxd3 Nc6 19. g4 Nf6 20. Qg5 Rfe8 21. Re3
Bxh6 22. Qxh6 e5 23. dxe5 Nxe5 24. Nxe5 Rxe5 25. Qf4 Rde8 26. Rd1 Kg7 27. Rxe5
Rxe5 28. Qd4 Qe7 29. f4 Re1+ 30. Rxe1 Qxe1+ 31. Kg2 Qd2+ 32. Kf3 h6 33. Be2 Qxd4
34. cxd4 g5 35. Bd3 Ne8 36. Ke3 Kf6 37. f5 Ke7 38. b3 Kd6 39. Be2 Nf6 40. Bf3
Nd7 41. Kd3 Nb8 42. Kc3 Nc6 43. Be2 Ne7 44. Bd3 Ng8 45. Kd2 Nf6 46. Ke3 h5 47.
Kf3 hxg4+ 48. hxg4 Kc6 49. Bc2 a5 50. a4 b5 51. Bd3 bxa4 52. bxa4 Kc7 53. Bc2
Ne8 54. Ke3 Nd6 55. Bd3 Nc8 56. Bc2 Na7 57. Bb3 Kd6 58. Kd3 Nc6 59. Kc3 Ne7 60.
Bd1 Ng8 61. Bf3 Nf6 62. Kd3 Nd7 63. Bd1 Nb6 64. Bb3 Kc6 65. Ke3 Nc8 66. Bc2 Nd6
67. Bd3 Kc7 68. Kd2 Kb6 69. Ke3 Kc6 70. Kd2 Kc7 71. Ke3 Nc8 72. Bc2 Na7 73. Bd3
Kd6 74. Bc2 Nc6 75. Bd3 Nb4 76. Kd2 f6 77. Bc2 Nc6 78. Ke3 Na7 79. Bd3 Nc8 80.
Bc2 Kc6 81. Kd2 Nd6 82. Bd3 1/2-1/2

[Event "grenke Chess Open 2025"]
[Site "Karlsruhe GER"]
[Date "2025.04.19"]
[Round "5.59"]
[White "Ernst, Robert"]
[Black "Geher, Koppany"]
[Result "0-1"]
[WhiteTitle "FM"]
[WhiteElo "2378"]
[BlackElo "2244"]
[WhiteFideId "1662643"]
[BlackFideId "785091"]
[EventDate "2025.04.17"]

1. d4 Nf6 2. c4 e6 3. Nc3 Bb4 4. f3 c5 5. d5 d6 6. e4 b5 7. Ne2 bxc4 8. Nf4 e5
9. Ne2 Nbd7 10. Ng3 Nb6 11. Be2 Ng8 12. O-O Ne7 13. Nh5 O-O 14. f4 exf4 15. Bxf4
Ng6 16. Bg3 Qe7 17. Nb5 Ne5 18. Qc1 f6 19. Qe3 Bd7 20. Nc3 Rae8 21. Rae1 Na4 22.
Rb1 Rb8 23. Nxa4 Bxa4 24. Rfc1 Rfe8 25. Bf4 Ng6 26. Bf3 Bb5 27. Ng3 Bd7 28. Rxc4
Nxf4 29. Qxf4 Qe5 30. Qxe5 Rxe5 31. Rd1 g6 32. b3 Bb5 33. Rcc1 Ba3 34. Rc2 c4
35. Rb1 Bc5+ 36. Kh1 Ba6 37. Be2 cxb3 38. Rxb3 Rxb3 39. axb3 Bxe2 40. Rxe2 Kg7
41. h3 Re7 42. Rc2 Rb7 43. Rc3 Rb4 44. Rf3 h5 45. h4 f5 46. Rf4 Rxb3 47. Kh2 Bd4 0-1

[Event "grenke Chess Open 2025"]
[Site "Karlsruhe GER"]
[Date "2025.04.19"]
[Round "5.60"]
[White "Papp, Levente"]
[Black "Schubert, Christian"]
[Result "1-0"]
[WhiteTitle "FM"]
[WhiteElo "2376"]
[BlackElo "2236"]
[WhiteFideId "751243"]
[BlackFideId "4604229"]
[EventDate "2025.04.17"]

1. c4 Nf6 2. g3 g6 3. Bg2 Bg7 4. Nc3 c5 5. e4 Nc6 6. Nge2 d6 7. d3 a6 8. a3 O-O
9. O-O e5 10. Rb1 Rb8 11. b4 cxb4 12. axb4 b5 13. cxb5 axb5 14. h3 Ne8 15. Be3
Nd4 16. Nd5 Nc7 17. Nxc7 Qxc7 18. Bxd4 exd4 19. Qd2 Qb6 20. Rfc1 Be6 21. Rc2
Rbc8 22. Rbc1 Rxc2 23. Rxc2 Rc8 24. Rxc8+ Bxc8 25. Qg5 Be6 26. Qe7 Qb8 27. Kh2
Bf8 28. Qg5 h6 29. Qc1 Qb6 30. h4 h5 31. Qg5 Bg7 32. Nf4 Bb3 33. Qe7 Qb8 34. Qd7
Be5 35. Qc6 Qd8 36. Nh3 Qb8 37. f4 Bg7 38. Ng5 Bf6 39. Bh3 Kg7 40. Bc8 Qa7 41.
Ba6 Ba4 42. Qxd6 Be7 43. Qe5+ Bf6 44. Qd6 Be7 45. Qc6 Bxb4 46. e5 Be7 47. Ne4
Qb8 48. Nd6 Qd8 49. Bxb5 Bxd6 50. Bxa4 Be7 51. Bb3 Qa5 52. Qc4 Qd2+ 53. Kh3 Bxh4
54. Qxf7+ 1-0

[Event "grenke Chess Open 2025"]
[Site "Karlsruhe GER"]
[Date "2025.04.19"]
[Round "5.61"]
[White "Braeutigam, Alexander"]
[Black "Fishbein, Alexander"]
[Result "1/2-1/2"]
[BlackTitle "GM"]
[WhiteElo "2223"]
[BlackElo "2375"]
[WhiteFideId "16245210"]
[BlackFideId "2000377"]
[EventDate "2025.04.17"]

1. c4 Nf6 2. Nc3 g6 3. d4 Bg7 4. h4 c5 5. d5 h5 6. e4 d6 7. Be2 a6 8. f3 Nbd7 9.
Be3 Ne5 10. Qd2 e6 11. a4 exd5 12. cxd5 O-O 13. Nh3 Bxh3 14. Rxh3 Re8 15. Kf2 b5
16. axb5 axb5 17. Rxa8 Qxa8 18. Bxb5 Rb8 19. Kg3 Qa1 20. Bf4 Ne8 21. Qc1 Qa5 22.
Be2 Qb4 23. Rh1 Qxb2 24. Qxb2 Rxb2 25. Rb1 Rxb1 26. Nxb1 Kf8 27. Na3 Ke7 28. Kf2
Nc7 29. Bd2 f5 30. Bf4 fxe4 31. fxe4 Bf6 32. g3 Nf7 33. Nc2 Be5 34. Bd2 Ne8 35.
Kf3 Nf6 36. Bf4 Bc3 37. Ne3 Ne5+ 38. Bxe5 Bxe5 39. Nc4 Nd7 40. Kg2 Bc3 41. g4
hxg4 42. Bxg4 Ne5 43. Nxe5 Bxe5 44. h5 gxh5 45. Bxh5 Kf6 46. Kf3 Bb2 47. Ke3 Be5 1/2-1/2

[Event "grenke Chess Open 2025"]
[Site "Karlsruhe GER"]
[Date "2025.04.19"]
[Round "5.62"]
[White "Semling, Julius"]
[Black "Lad, Mandar Pradip"]
[Result "0-1"]
[WhiteElo "2220"]
[BlackElo "2375"]
[WhiteFideId "16290160"]
[BlackFideId "25747630"]
[EventDate "2025.04.17"]

1. e4 c5 2. Nf3 d6 3. d4 cxd4 4. Nxd4 Nf6 5. Nc3 a6 6. h3 e5 7. Nf3 Be7 8. g4 h6
9. Rg1 Nc6 10. g5 hxg5 11. Nxg5 Nd4 12. Bc4 Be6 13. Bxe6 Nxe6 14. Qd3 Qd7 15.
Nxe6 Qxe6 16. Rxg7 Rxh3 17. Qf1 Rc8 18. Be3 Rxc3 19. bxc3 Nxe4 20. Rg8+ Kd7 21.
Qg2 d5 22. c4 Bb4+ 23. Kf1 Qf5 24. Kg1 d4 25. Rg4 Rf3 26. Rd1 Kc7 27. Bxd4 exd4
28. Rxd4 Nxf2 29. Qh2+ Kb6 30. Rd6+ Ka7 0-1

[Event "grenke Chess Open 2025"]
[Site "Karlsruhe GER"]
[Date "2025.04.19"]
[Round "5.63"]
[White "Ertan, Can"]
[Black "Biastoch, Bennet"]
[Result "1/2-1/2"]
[WhiteTitle "IM"]
[BlackTitle "FM"]
[WhiteElo "2371"]
[BlackElo "2234"]
[WhiteFideId "6306330"]
[BlackFideId "12939889"]
[EventDate "2025.04.17"]

1. e4 c5 2. Nf3 e6 3. d4 cxd4 4. Nxd4 Nf6 5. Nc3 Nc6 6. Ndb5 Bb4 7. a3 Bxc3+ 8.
Nxc3 d5 9. Bd3 dxe4 10. Nxe4 Nxe4 11. Bxe4 Qxd1+ 12. Kxd1 Bd7 13. b3 f5 14. Bd3
e5 15. f3 O-O-O 16. Bg5 Rde8 17. Re1 Nd4 18. Be3 Nc6 19. Kd2 b6 20. Re2 Kb7 21.
Bf2 Rhf8 22. Bg3 g5 23. Rae1 f4 24. Bf2 Bf5 25. Bxf5 Rxf5 26. c4 Rf7 27. Kc2 Rd7
28. Rd1 Red8 29. Rxd7+ Rxd7 30. Re4 Kc7 31. b4 Kd6 32. Be1 Nd4+ 33. Kc3 Ke6 34.
Bf2 Nf5 35. Re1 h5 36. h3 Rg7 37. b5 g4 38. hxg4 hxg4 39. c5 bxc5 40. fxg4 Rxg4
41. Bxc5 Nd6 42. a4 f3 43. Kb3 fxg2 44. Bxa7 Nc4 45. Kc3 Na5 46. Ra1 Rf4 47. Rg1
Rc4+ 48. Kd3 Rxa4 49. Rxg2 Ra3+ 50. Ke4 Ra4+ 51. Kf3 Ra3+ 52. Kg4 Rb3 53. b6 Nc4
54. Rh2 Kd5 55. Rh6 e4 56. Rh5+ Kc6 57. Rh7 Nxb6 58. Rh6+ 1/2-1/2

[Event "grenke Chess Open 2025"]
[Site "Karlsruhe GER"]
[Date "2025.04.19"]
[Round "5.65"]
[White "Farokhi, Keyvan"]
[Black "Vu Dinh, Adrien"]
[Result "1-0"]
[WhiteTitle "FM"]
[WhiteElo "2359"]
[BlackElo "2232"]
[WhiteFideId "12998630"]
[BlackFideId "45186995"]
[EventDate "2025.04.17"]

1. d4 Nf6 2. c4 g6 3. Nc3 Bg7 4. e4 d6 5. Be2 O-O 6. h4 c5 7. d5 e6 8. h5 exd5
9. h6 Bh8 10. exd5 Re8 11. Bg5 Qb6 12. b3 Ne4 13. Nxe4 Rxe4 14. Kf1 a5 15. a4
Re8 16. Nf3 Na6 17. Rh4 Nb4 18. Rf4 f5 19. Rb1 Na2 20. Qc2 Nc3 21. Re1 Nxe2 22.
Rxe2 Rxe2 23. Qxe2 Bd7 24. Nd2 Re8 25. Qd3 Qb4 26. Rf3 Qa3 27. Re3 Qa1+ 28. Ke2
Be5 29. g3 Qh1 30. Nf3 Kf8 31. Nxe5 dxe5 32. f4 Qa1 33. Bf6 Qb2+ 34. Kf1 e4 35.
Bxb2 exd3 36. Rxd3 Ke7 37. Be5 Kd8 38. Kg2 b6 39. Kh3 Rf8 40. Kh4 Rf7 41. Kg5
Be8 42. Re3 1-0